000 00908cab a2200265 4500
001 ABS55554
008 090401t1996 xxu||||| |||| 00| 0 eng d
035 _a(Sirsi) u17289
041 _aeng
245 _aDong Bang Minerva (UK) Ltd v Davina Ltd
260 _c1996
350 _a0
490 _aEstates Gazette
_v[1996] 31 EG 87-89(3)
520 _aCA 8 March 1996. Landlord`s appeal against a breach of statutory duty under the Landlord and Tenant Act 1988 refusing to grant consent to tenant to sublet part of building within a reasonable time was dismissed.
650 _aASSIGNMENT
650 _aDONG BANG MINERVA (UK) LTD V DAVINA LTD
650 _aLEASES
650 _aLEGAL COSTS
650 _aREASONABLE COSTS
650 _aREFUSAL OF CONSENT
650 _aSUBLETTING OF PREMISES
690 _aLANDLORD AND TENANT-CASE LAW-BUSINESS TENANCIES
942 _n0
948 _c04/03/1997
999 _c11466
_d11466